000 00681nam a2200241Ia 4500
003 OSt
005 20221005084421.0
006 a|||||r|||| 00| 0
007 ta
008 221004b |||||||| |||| 00| 0 eng d
024 _a34979
037 _cTextual
040 _aCRL
_cCRL
_beng
041 _2eng
_aeng
082 _aZ613,5, L6
100 _aMittlebeeler Emmet V
_9613316
245 0 _aAfrican custom and western law
_b The development of the Rhodesian criminal law for Africans
260 _aNew York
_bAfricana
_c1976
300 _a248p
_ccm.
650 _aLAW
942 _hZ613,5, L6
_cTEXL
_2cc
999 _c992595
_d992595